Taxation Simplified (Record no. 22231)
[ view plain ]
| 000 -LEADER | |
|---|---|
| fixed length control field | 00306nam a22001337a 4500 |
| 020 ## - INTERNATIONAL STANDARD BOOK NUMBER | |
| ISBN | 9966-28-299-8 |
| 082 ## - DEWEY DECIMAL CLASSIFICATION NUMBER | |
| Classification number | 336.26762 |
| 100 ## - MAIN ENTRY--AUTHOR NAME | |
| Personal name | Saleemi, N. A. |
| 245 ## - TITLE STATEMENT | |
| Title | Taxation Simplified |
| 250 ## - EDITION STATEMENT | |
| Edition statement | 5th |
| 260 ## - PUBLICATION, DISTRIBUTION, ETC. (IMPRINT) | |
| Place of publication | Nairobi: |
| Name of publisher | Saleemi Publications, |
| Year of publication | 2014 |
| 300 ## - PHYSICAL DESCRIPTION | |
| Number of Pages | 478p.: ill.; 21cm |
| 942 ## - ADDED ENTRY ELEMENTS (KOHA) | |
| Koha item type | Books |
| Withdrawn status | Lost status | Damaged status | Not for loan | Collection code | Permanent Location | Current Location | Shelving location | Date acquired | Source of acquisition | Full call number | Accession Number | Price effective from | Koha item type |
|---|---|---|---|---|---|---|---|---|---|---|---|---|---|
| Non-fiction | IFM Main Campus Library | IFM Main Campus Library | Work Room processing | 01/27/2026 | Purchased | 336.26762 SAL | 0000030918 | 01/27/2026 | Books | ||||
| Non-fiction | IFM Main Campus Library | IFM Main Campus Library | Work Room processing | 01/27/2026 | Purchased | 336.26762 SAL | 0000030919 | 01/27/2026 | Books |
